1463 1481 1389 1070 1414 1292 1067 1287 1103 1095 1896 1627 1179 1351 1613 1714 1536 1849 1717 1611 1726 1906 1773 1225 1773 1525 1161 1136 1902 1482 1525 1590 1391 1986 1358 1238 1501 1878 1337 1148 1423 1779 1826 1925 1402 1242 1604 1989 1271 1102 1571 1714 1485 1344 1693 1932 1166 1702 1626 1720 1033 1956 1794 1632 1918 1695 1075 1561 1999 1382 1398 1809 1024 1557 1136 1679 1239 1808 1578 1098 1173 1986 1201 1810 1452 1892 1505 1415 1211 1180 1249 1518 1493 1522 1765 1568 1414 1187 1100 BCNSPRNW ULIB Ver.6.0+V

เปลี่ยนเป็นภาษาไทย

Change to English
 แสดงรายละเอียดบรรณานุกรม
  กลับหน้าหลัก

Brief Record : Get Marc (ISO 2709) : E-mail record : QR code < ปิดหน้าต่าง
LEADER : 00000nam a2200000 a 4500
001    13399128740
003     ULIB
008    230608s2566 th a 001 0 tha d
020    ^a9786165949286
040    ^anss
060 04 ^aWY106^bว169ก 2566
100 0  ^aวนิดา ดุรงค์ฤทธิชัย
245 10 ^aการพยาบาลอนามัยชุมชน :^bแนวคิด หลักการและการประยุกต์เพื่อสุขภาพบุคคลครอบครัวและชุมชน /^cวนิดา ดุรงค์ฤทธิชัย
246 31 ^aCommunity health nursing : concepts, principles, andapplies for enhancing individual, family, and communityhealth
250    ^aพิมพ์ครั้งที่ 1
260    ^aกรุงเทพฯ :^bสำนักพิมพ์จุฬาลงกรณืมหาวิทยาลัย,^c2566
300    ^a639 หน้า :^bภาพประกอบ ;^c26 ซม.
504    ^aมีบรรณานุกรมและดัชนี
650  4 ^aการพยาบาลอนามัยชุมชน
650  4 ^aอนามัยชุมชน, การพยาบาล
945    ^p490^l0^i30205
945    ^p490^l0^i30206
945    ^p490^l0^i30280
995    ^aัณชพร
999    ^aกัณชพร
รายการนี้ยังไม่มีแท็ก
คุณยังไม่ได้ล็อกอิน คุณสามารถมีกิจกรรมร่วมกับเว็บไซต์ได้ แต่ต้องล็อกอินก่อน ::
  ล็อกอิน

รายการสื่อสารสนเทศ

ลำดับที่ ประเภท เลขเรียก/บาร์โค้ด สถานที่ สถานะ
1. หนังสือสำรอง
หนังสือสำรอง
WY106 ว169ก 2566 ฉ.1 
  Barcode: 30205
ห้องสมุดวิทยาเขตนครสวรรค์
►หนังสือทั่วไป:l:General Books
บนชั้น
2. วิทยาศาสตร์การแพทย์ และสุขภาพ
วิทยาศาสตร์การแพทย์ และสุขภาพ
WY106 ว169ก 2566 ฉ.2 
  Barcode: 30206
ห้องสมุดวิทยาเขตนครสวรรค์
►หนังสือทั่วไป:l:General Books
บนชั้น
3. วิทยาศาสตร์การแพทย์ และสุขภาพ
วิทยาศาสตร์การแพทย์ และสุขภาพ
WY106 ว169ก 2566 ฉ.3 
  Barcode: 30280
ห้องสมุดวิทยาเขตนครสวรรค์
►หนังสือทั่วไป:l:General Books
บนชั้น

รายการใกล้เคียง
    ผู้แต่ง [วนิดา ดุรงค์ฤทธิชัย]

    หัวเรื่อง [การพยาบาลอนามัยชุมชน]
    หัวเรื่อง [อนามัยชุมชน, การพยาบาล]

BibComment


ยังไม่เคยถูกคอมเมนท์

คอมเมนท์ทรัพยากรรายการนี้
  คอมเมนท์: การพยาบาลอนามัยช..


 Copyright 2026. Bcnsprnw @Library